书目信息 |
| 题名: |
黄河干流灌区节水潜力及水权转换理论探索
|
|
| 作者: | 张会敏 , 黄福贵 编著 | |
| 分册: | ||
| 出版信息: | 郑州 黄河水利出版社 2009.12 |
|
| 页数: | 169页 | |
| 开本: | 26cm | |
| 丛书名: | ||
| 单 册: | ||
| 中图分类: | S274.2 , TV213.4 | |
| 科图分类: | ||
| 主题词: | ||
| 电子资源: | ||
| ISBN: | 978-7-80734-760-6 | |
| 000 | 01043nam0 2200277 450 | |
| 001 | 012010630031 | |
| 005 | 20100604144840.23 | |
| 010 | @a978-7-80734-760-6@dCNY30.00 | |
| 100 | @a20100601d2009 em y0chiy0120 ea | |
| 101 | 0 | @achi |
| 102 | @aCN@b410000 | |
| 105 | @aak a 000yy | |
| 106 | @ar | |
| 200 | 1 | @a黄河干流灌区节水潜力及水权转换理论探索@Ahuang he gan liu guan qu jie shui qian li ji shui quan zhuan huan li lun tan suo@f张会敏, 黄福贵编著@Fzhang hui min,huang fu gui bian zhu |
| 210 | @a郑州@c黄河水利出版社@d2009.12 | |
| 215 | @a169页@c图@d26cm | |
| 320 | @a有书目 (第164-169页) | |
| 330 | @a本书主要内容:黄河干流灌区概述,黄河干流灌区节水现状,黄河干流灌区适宜节水技术及发展模式,黄河干流灌区节水潜力分析方法等等。 | |
| 607 | @a黄河@Ahuang he@x水资源管理@x研究 | |
| 607 | @a黄河@Ahuang he@x灌区@x节约用水@x研究 | |
| 690 | @aS274.2@v4 | |
| 690 | @aTV213.4@v4 | |
| 701 | 0 | @a张会敏@Azhang hui min@4编著 |
| 701 | 0 | @a黄福贵@Ahuang fu gui@4编著 |
| 801 | 0 | @aCN@bQSSK@c20100604 |
| 905 | @b780568-70@dS274.2@eZ114@f3 | |
| 黄河干流灌区节水潜力及水权转换理论探索/张会敏, 黄福贵编著.-郑州:黄河水利出版社,2009.12 |
| 169页:图;26cm |
| ISBN 978-7-80734-760-6:CNY30.00 |
| 本书主要内容:黄河干流灌区概述,黄河干流灌区节水现状,黄河干流灌区适宜节水技术及发展模式,黄河干流灌区节水潜力分析方法等等。 |
| ● |
| 相关链接 |
|
|
|
正题名:黄河干流灌区节水潜力及水权转换理论探索
索取号:S274.2/Z114
 
预约/预借
| 序号 | 登录号 | 条形码 | 馆藏地/架位号 | 状态 | 备注 |
| 1 | 780568 | 207805687 | 自科库401/401自科库 67排1列3层/ [索取号:S274.2/Z114] | 在馆 | |
| 2 | 780569 | 207805696 | 自科库401/401自科库 67排1列3层/ [索取号:S274.2/Z114] | 在馆 | |
| 3 | 780570 | 207805703 | 自科库401/401自科库 67排1列3层/ [索取号:S274.2/Z114] | 在馆 |